| 000 | 00530nam a2200193 a 4500 | ||
|---|---|---|---|
| 001 | 19638 | ||
| 005 | 20180713213111.0 | ||
| 008 | 140415s1989 mx 000 0 spa d | ||
| 020 | _a9686199896 | ||
| 041 | _aspa | ||
| 082 |
_a616.8527 _bCOH |
||
| 100 | 1 | _aCOHEN, RAQUEL E. | |
| 245 | 1 | 0 |
_aMANUAL DE LA ATENCION DE SALUD MENTAL : _bPARA VICTIMAS DE DESASTRES |
| 250 | _a1a ed. | ||
| 260 |
_aMEXICO : _bHARLA, _c1989 |
||
| 300 | _a126 | ||
| 650 | 1 | 4 | _aDEPRESION MENTAL |
| 700 | 1 |
_aAHEARN, FREDERICK L. _ecoaut. |
|
| 999 |
_c19638 _d19638 |
||